Famous Spouses - Statistics

General Stats
  • This quiz has been taken 98 times
  • The average score is 22 of 32
Answer Stats
Hint Answer % Correct
Jennifer Aniston (m. 2000; div. 2005) Brad Pitt
94%
Angelina Jolie (m. 2014; div. 2019) Brad Pitt
94%
Meghan Markle (m. 2018) Prince Harry
91%
Bruce Willis (m. 1987–2000) Demi Moore
89%
Ashton Kutcher (m. 2005; div. 2013) Demi Moore
89%
Kate Middleton (m. 2011) Prince William
89%
Katie Holmes (m. 2006–2012) Tom Cruise
89%
Nicole Kidman (m. 1990–2001) Tom Cruise
89%
Arthur Miller (m. 1956–1961) Marilyn Monroe
84%
Joe DiMaggio (m. 1954–1955) Marilyn Monroe
84%
Lisa Marie Presley (m. 1994; div. 1996) Michael Jackson
84%
Demi Moore (m. 2005; div. 2013) Ashton Kutcher
82%
Mila Kunis (m. 2015) Ashton Kutcher
82%
Eddie Fisher (m. 1959; div. 1964) Elizabeth Taylor
78%
Richard Burton (m. 1964; div. 1974) Elizabeth Taylor
78%
Rainier III, Prince of Monaco (m. 1956) Grace Kelly
78%
Russell Brand (m. 2010–2012) Katy Perry
72%
Courtney Love (m. 1992) Kurt Cobain
72%
Madonna (m. 1985; div. 1989) Sean Penn
72%
Robin Wright (m. 1996; div. 2010) Sean Penn
72%
Liam Hemsworth (m. 2018) Miley Cyrus
67%
Portia de Rossi (m. 2008) Ellen DeGeneres
62%
Marc Anthony (m. 2004; div. 2014) Jennifer Lopez
60%
Matthew Broderick (m. 1997) Sarah Jessica Parker
56%
David Bowie (m. 1992; died 2016) Iman
49%
Kim Basinger (m. 1993; div. 2002) Alec Baldwin
48%
Lenny Kravitz (m. 1987; div. 1993) Lisa Bonet
40%
Jason Momoa (m. 2017) Lisa Bonet
40%
Priyanka Chopra (m. 2018) Nick Jonas
38%
Lisa Marie Presley (m. 2002–2004) Nicolas Cage
35%
Patricia Arquette (m. 1995–2001) Nicolas Cage
35%
Paul Simon (m. 1983; div. 1984) Carrie Fisher
30%
No matching quizzes found
Score Distribution
Percent of People with Each Score
Percentile by Number Answered
Your Score History
You have not taken this quiz